| 000 | 00656nam a2200217Ii 4500 | ||
|---|---|---|---|
| 003 | JO-AjNU | ||
| 008 | 230605s9999||||xx |||||||||||||| ||und|| | ||
| 017 | _a2010/8/2846 | ||
| 040 |
_aJO-AjNU _bara _erda _cJO-AjNU |
||
| 041 | _aara | ||
| 050 | 1 | 4 | _aPJ7862.H566.A15 2011 |
| 100 | 3 |
_aتأليف الشريف، سمير أحمد, _eauthor _949510 |
|
| 245 | 0 | 0 | _aمرايا الليل: قصص قصيرة |
| 250 | _aط1 | ||
| 264 | 3 | 1 | _aعمان:المؤلف،2011 |
| 300 | _a95ص | ||
| 336 |
_atext _btxt _2rdacontent |
||
| 337 |
_aunmediated _bn _2rdamedia |
||
| 338 |
_avolume _bnc _2rdacarrier |
||
| 650 | 4 |
_aالأدب العربي - قصص _949511 |
|
| 999 |
_aA21750 _c25318 _d25318 |
||